|
|
|
|
| LEADER |
00000csc a2200000 a 4500 |
| 001 |
13857 |
| 003 |
Ucuenca |
| 005 |
20230308205556.0 |
| 008 |
949122|1944 ag |||||r|||||||||||spa|| |
| 040 |
|
|
|b spa
|
| 041 |
1 |
|
|a es
|
| 082 |
0 |
|
|a 823.83
|
| 100 |
1 |
|
|a Dickens, Charles
|9 219409
|d 1812-1870
|
| 245 |
|
|
|a Memorias del club Picwick
|c Charles Dickens, traductora Aída Aisenson
|h imp
|n tomo 1
|
| 264 |
|
|
|a Buenos Aires
|b Argonauta
|c 1944
|
| 300 |
|
|
|a 420 páginas:
|c 18.5 cm
|
| 490 |
|
|
|a Obras Maestras de Argonauta
|
| 650 |
|
0 |
|a Novela inglesa
|9 5106
|
| 650 |
|
0 |
|9 16354
|a Literatura inglesa
|
| 852 |
|
|
|a UC-CDJBV
|f Compra
|l 1
|m General
|p 19491220
|q 50,00
|r 8
|t 13857
|b 0
|d CDRC
|e CDRC
|g 823.83 TERCER PISO
|z 1949-91-22
|
| 942 |
|
|
|c CR
|2 ddc
|r paola.amaya@ucuenca.edu.ec
|
| 999 |
|
|
|c 111955
|d 111955
|